Роль высокого содержания кадмия в природной среде в патологических изменениях эритроцитов крови жителей Республики Алтай; Известия Томского политехнического университета [Известия ТПУ]; Т. 317, № 1: Науки о Земле
| Parent link: | Известия Томского политехнического университета [Известия ТПУ]/ Томский политехнический университет (ТПУ).— , 2000- Т. 317, № 1: Науки о Земле.— 2010.— [С. 184-188] |
|---|---|
| Altri autori: | , , , , |
| Riassunto: | Заглавие с титульного листа Электронная версия печатной публикации Изучены уровни содержания патологических форм эритроцитов и концентрация кадмия в периферической крови жителей с. Чаган-Узун Республики Алтай с учётом продолжительности их проживания в зоне с аномально высоким природным содержанием кадмия в окружающей среде. Показана прямая корреляционная зависимость между концентрацией в крови кадмия и уровнем эритроцитов с морфологическими изменениями поверхности: наиболее значимые изменения наблюдались у лиц, недавно приехавших в эту местность. Сделан вывод о том, что полученные результаты могут быть связаны с недостаточной адаптацией мигрантов к местным условиям по сравнению с коренным населением. |
| Lingua: | russo |
| Pubblicazione: |
2010
|
| Serie: | Геоэкология |
| Soggetti: | |
| Accesso online: | http://www.lib.tpu.ru/fulltext/v/Bulletin_TPU/2010/v317/i1/33.pdf |
| Natura: | MixedMaterials Elettronico Capitolo di libro |
| KOHA link: | https://koha.lib.tpu.ru/cgi-bin/koha/opac-detail.pl?biblionumber=188195 |
MARC
| LEADER | 00000nla2a2200000 4500 | ||
|---|---|---|---|
| 001 | 188195 | ||
| 005 | 20231031174855.0 | ||
| 035 | |a (RuTPU)RU\TPU\book\204425 | ||
| 035 | |a RU\TPU\book\204424 | ||
| 090 | |a 188195 | ||
| 100 | |a 20101206d2010 k y0rusy50 ca | ||
| 101 | 0 | |a rus | |
| 102 | |a RU | ||
| 135 | |a drnn ---uucaa | ||
| 181 | 0 | |a i | |
| 182 | 0 | |a b | |
| 200 | 1 | |a Роль высокого содержания кадмия в природной среде в патологических изменениях эритроцитов крови жителей Республики Алтай |b Электронный ресурс |f Н. Н. Ильинских [и др.] | |
| 203 | |a Текст |c электронный | ||
| 215 | |a 1 файл (173 Кб) | ||
| 225 | 1 | |a Геоэкология | |
| 230 | |a Электронные текстовые данные (1 файл : 173 Кб) | ||
| 300 | |a Заглавие с титульного листа | ||
| 300 | |a Электронная версия печатной публикации | ||
| 320 | |a [Библиогр.: с. 187-188 (23 назв.)] | ||
| 330 | |a Изучены уровни содержания патологических форм эритроцитов и концентрация кадмия в периферической крови жителей с. Чаган-Узун Республики Алтай с учётом продолжительности их проживания в зоне с аномально высоким природным содержанием кадмия в окружающей среде. Показана прямая корреляционная зависимость между концентрацией в крови кадмия и уровнем эритроцитов с морфологическими изменениями поверхности: наиболее значимые изменения наблюдались у лиц, недавно приехавших в эту местность. Сделан вывод о том, что полученные результаты могут быть связаны с недостаточной адаптацией мигрантов к местным условиям по сравнению с коренным населением. | ||
| 337 | |a Adobe Reader | ||
| 461 | 1 | |0 (RuTPU)RU\TPU\book\176237 |t Известия Томского политехнического университета [Известия ТПУ] |f Томский политехнический университет (ТПУ) |d 2000- | |
| 463 | 1 | |0 (RuTPU)RU\TPU\book\203786 |x 1684-8519 |t Т. 317, № 1: Науки о Земле |v [С. 184-188] |d 2010 |p 227 с. | |
| 610 | 1 | |a геохимические провинции | |
| 610 | 1 | |a кадмий | |
| 610 | 1 | |a эритроциты | |
| 610 | 1 | |a формы | |
| 610 | 1 | |a патология | |
| 610 | 1 | |a республика Алтай | |
| 610 | 1 | |a электронный ресурс | |
| 701 | 1 | |a Ильинских |b Н. Н. | |
| 701 | 1 | |a Козлова |b С. А. | |
| 701 | 1 | |a Ильинских |b Е. Н. | |
| 701 | 1 | |a Ильинских |b И. Н. | |
| 701 | 1 | |a Юркин |b А. Ю. | |
| 801 | 1 | |a RU |b 63413507 |c 20090623 |g PSBO | |
| 801 | 2 | |a RU |b 63413507 |c 20211223 |g PSBO | |
| 856 | 4 | |u http://www.lib.tpu.ru/fulltext/v/Bulletin_TPU/2010/v317/i1/33.pdf | |
| 942 | |c CF | ||